Renoir

Uloženo v:
Podrobná bibliografie
Hlavní autor: Cogniat, Raymond (Autor)
Médium: Kniha
Jazyk:španělština
Vydáno: Madrid Ediciones Daimon 1966
Vydání:1a. ed
Edice:Pequeñas Monografías
Témata:
Tagy: Přidat tag
Žádné tagy, Buďte první, kdo vytvoří štítek k tomuto záznamu!

MARC

LEADER 00000cam a2200000 a 4500
001 UCE2927
003 CL-VaPUC
008 140807e19660000sp |||||||||||||||||spa|d
082 0 4 |a 750.4  |b COG  |2 21 
100 0 |a Cogniat, Raymond  |e author  |9 575448 
245 1 0 |a Renoir 
250 |a 1a. ed 
300 |a 45 p 
942 |c BK 
945 |d 20140807 14:45:00  |a dcastane 
260 |a Madrid  |b Ediciones Daimon  |c 1966 
600 0 7 |a RENOIR, JEAN  |2 CL-VaPUC  |9 450567 
650 0 |a Pintores franceses   |9 340354 
650 0 |a Pintura francesa  |9 266122 
650 7 |a IMPRESIONISMO  |2 CL-VaPUC  |9 324638 
583 |a last modification  |c 20140807 14:45:00  |k Rodrigo Vera 
490 0 |a Pequeñas Monografías 
999 |c 356442  |d 356440 
952 |0 0  |1 0  |3 erd  |4 0  |6 750_400000000000000_COG_1966  |7 0  |8 A  |9 463784  |a BIBART  |b BIBART  |i 5048958  |o 750.4 COG 1966  |p 5048958  |r 2025-03-13  |w 2019-11-23  |y BK  |z Catalogado en:20140807  |k ART